[Event "DVM U12w 2024"]
[Site "Bad Homburg GER"]
[Date "2024.12.30"]
[Round "7"]
[White "Khachaturyan, Viktoria"]
[Black "Glotz, Katharina"]
[Result "0-1"]
[Termination "normal"]
[Board "5.2"]
[WhiteElo "966"]
[BlackElo "1656"]
[WhiteClock "01:23:41"]
[BlackClock "00:26:19"]
[WhiteTeam "Karlsruher SF 1853"]
[BlackTeam "USV TU Dresden"]
[PlyCount "138"]
[WhiteFideId "16258150"]
[BlackFideId "34631011"]
[EventCountry "GER"]
[EventRounds "7"]
[EventType "team-swiss"]
[EventDate "2024.12.26"]

1. e4 {[%clk 01:30:58]} {[%emt 00:00:02]} c5 {[%clk 01:30:52]} {[%emt
00:00:08]} 2. Nf3 {[%clk 01:31:23]} {[%emt 00:00:04]} Nc6 {[%clk 01:31:08]}
{[%emt 00:00:14]} 3. d4 {[%clk 01:31:44]} {[%emt 00:00:10]} cxd4 {[%clk
01:31:25]} {[%emt 00:00:13]} 4. Nxd4 {[%clk 01:32:06]} {[%emt 00:00:08]} g6
{[%clk 01:31:27]} {[%emt 00:00:29]} 5. Nc3 {[%clk 01:32:14]} {[%emt 00:00:21]}
Bg7 {[%clk 01:31:26]} {[%emt 00:00:29]} 6. Be3 {[%clk 01:32:38]} {[%emt
00:00:08]} Nf6 {[%clk 01:30:59]} {[%emt 00:00:57]} 7. Bb5 {[%clk 01:32:16]}
{[%emt 00:00:52]} O-O {[%clk 01:28:53]} {[%emt 00:02:36]} 8. O-O {[%clk
01:32:18]} {[%emt 00:00:28]} Qc7 {[%clk 01:21:44]} {[%emt 00:07:38]} 9. Qd2
{[%clk 01:31:55]} {[%emt 00:00:55]} Ng4 {[%clk 01:20:58]} {[%emt 00:01:15]} 10.
Nf3 {[%clk 01:30:59]} {[%emt 00:01:26]} Nxe3 {[%clk 01:18:29]} {[%emt
00:03:00]} 11. Qxe3 {[%clk 01:31:13]} {[%emt 00:00:14]} Ne5 {[%clk 01:16:07]}
{[%emt 00:02:53]} 12. Nxe5 {[%clk 01:30:42]} {[%emt 00:01:01]} Bxe5 {[%clk
01:16:15]} {[%emt 00:00:21]} 13. g3 {[%clk 01:31:00]} {[%emt 00:00:12]} a6
{[%clk 01:15:12]} {[%emt 00:01:34]} 14. Be2 {[%clk 01:30:13]} {[%emt 00:01:02]}
b5 {[%clk 01:14:13]} {[%emt 00:01:43]} 15. Nd5 {[%clk 01:29:56]} {[%emt
00:00:47]} Qd8 {[%clk 01:11:52]} {[%emt 00:02:51]} 16. Qg5 {[%clk 01:26:51]}
{[%emt 00:03:33]} Bxb2 {[%clk 01:08:32]} {[%emt 00:03:53]} 17. Nxe7+ {[%clk
01:26:14]} {[%emt 00:01:06]} Kh8 {[%clk 01:08:24]} {[%emt 00:00:37]} 18. e5
{[%clk 01:26:28]} {[%emt 00:00:16]} f6 {[%clk 01:07:13]} {[%emt 00:01:41]} 19.
Qh4 {[%clk 01:23:58]} {[%emt 00:02:51]} Qxe7 {[%clk 01:07:26]} {[%emt
00:00:26]} 20. Bf3 {[%clk 01:23:22]} {[%emt 00:01:04]} Bxa1 {[%clk 01:06:19]}
{[%emt 00:01:39]} 21. Bxa8 {[%clk 01:23:39]} {[%emt 00:00:13]} Bxe5 {[%clk
01:06:17]} {[%emt 00:00:31]} 22. Qe4 {[%clk 01:21:53]} {[%emt 00:02:16]} f5
{[%clk 01:04:25]} {[%emt 00:02:22]} 23. Qe3 {[%clk 01:19:10]} {[%emt 00:03:12]}
f4 {[%clk 01:03:44]} {[%emt 00:01:13]} 24. gxf4 {[%clk 01:18:51]} {[%emt
00:00:49]} Rxf4 {[%clk 01:03:59]} {[%emt 00:00:15]} 25. Re1 {[%clk 01:17:50]}
{[%emt 00:01:30]} Qg5+ {[%clk 01:01:37]} {[%emt 00:02:53]} 26. Kf1 {[%clk
01:16:26]} {[%emt 00:01:51]} Rf5 {[%clk 00:57:10]} {[%emt 00:04:59]} 27. Qc5
{[%clk 01:15:07]} {[%emt 00:01:48]} Bxh2 {[%clk 00:47:06]} {[%emt 00:10:36]}
28. Qxc8+ {[%clk 01:13:33]} {[%emt 00:02:04]} Kg7 {[%clk 00:47:26]} {[%emt
00:00:09]} 29. Qc3+ {[%clk 01:12:57]} {[%emt 00:01:06]} Kg8 {[%clk 00:40:48]}
{[%emt 00:07:06]} 30. Qc8+ {[%clk 01:06:50]} {[%emt 00:06:39]} Kg7 {[%clk
00:40:58]} {[%emt 00:00:20]} 31. Qxd7+ {[%clk 01:05:52]} {[%emt 00:01:26]} Kh6
{[%clk 00:35:12]} {[%emt 00:06:17]} 32. Bg2 {[%clk 01:05:53]} {[%emt 00:00:29]}
Rxf2+ {[%clk 00:28:33]} {[%emt 00:07:10]} 33. Kxf2 {[%clk 01:05:52]} {[%emt
00:00:31]} Bg3+ {[%clk 00:28:55]} {[%emt 00:00:08]} 34. Kg1 {[%clk 01:01:19]}
{[%emt 00:05:04]} Bxe1 {[%clk 00:28:14]} {[%emt 00:01:10]} 35. Qe8 {[%clk
01:00:56]} {[%emt 00:00:51]} Qc5+ {[%clk 00:26:10]} {[%emt 00:02:34]} 36. Kh1
{[%clk 01:00:00]} {[%emt 00:01:26]} Bf2 {[%clk 00:22:27]} {[%emt 00:04:14]} 37.
Qe2 {[%clk 00:59:24]} {[%emt 00:01:08]} Qd4 {[%clk 00:19:46]} {[%emt 00:03:12]}
38. Qd3 {[%clk 00:58:32]} {[%emt 00:01:22]} Qa1+ {[%clk 00:04:19]} {[%emt
00:15:58]} 39. Qf1 {[%clk 00:58:28]} {[%emt 00:00:32]} Qd4 {[%clk 00:04:04]}
{[%emt 00:00:46]} 40. Qd3 {[%clk 00:58:32]} {[%emt 00:00:26]} Qa1+ {[%clk
00:03:55]} {[%emt 00:00:39]} 41. Qf1 {[%clk 00:58:52]} {[%emt 00:00:10]} Qf6
{[%clk 00:02:31]} {[%emt 00:01:51]} 42. Qd3 {[%clk 00:58:01]} {[%emt 00:01:24]}
Qf4 {[%clk 00:29:40]} {[%emt 00:03:18]} 43. Qh3+ {[%clk 01:27:43]} {[%emt
00:00:49]} Bh4 {[%clk 00:29:11]} {[%emt 00:00:59]} 44. Qh2 {[%clk 01:27:19]}
{[%emt 00:00:53]} Qc1+ {[%clk 00:28:06]} {[%emt 00:01:36]} 45. Qg1 {[%clk
01:27:18]} {[%emt 00:00:28]} Qxc2 {[%clk 00:27:53]} {[%emt 00:00:47]} 46. Qe3+
{[%clk 01:27:21]} {[%emt 00:00:28]} g5 {[%clk 00:28:11]} {[%emt 00:00:13]} 47.
Qe6+ {[%clk 01:24:58]} {[%emt 00:02:50]} Qg6 {[%clk 00:28:33]} {[%emt
00:00:11]} 48. Qxg6+ {[%clk 01:23:58]} {[%emt 00:01:30]} Kxg6 {[%clk 00:28:54]}
{[%emt 00:00:11]} 49. Bb7 {[%clk 01:23:37]} {[%emt 00:00:50]} a5 {[%clk
00:29:05]} {[%emt 00:00:19]} 50. Be4+ {[%clk 01:23:31]} {[%emt 00:00:35]} Kg7
{[%clk 00:29:15]} {[%emt 00:00:18]} 51. Kg2 {[%clk 01:23:30]} {[%emt 00:00:33]}
h5 {[%clk 00:29:19]} {[%emt 00:00:25]} 52. Kf3 {[%clk 01:22:45]} {[%emt
00:01:15]} Be1 {[%clk 00:28:58]} {[%emt 00:00:50]} 53. Ke2 {[%clk 01:22:59]}
{[%emt 00:00:17]} Bg3 {[%clk 00:29:15]} {[%emt 00:00:13]} 54. Kd3 {[%clk
01:22:53]} {[%emt 00:00:36]} Kf6 {[%clk 00:27:12]} {[%emt 00:02:31]} 55. Bc6
{[%clk 01:23:01]} {[%emt 00:00:23]} b4 {[%clk 00:27:33]} {[%emt 00:00:11]} 56.
Kc4 {[%clk 01:23:19]} {[%emt 00:00:11]} Ke6 {[%clk 00:27:13]} {[%emt 00:00:50]}
57. Kb5 {[%clk 01:23:12]} {[%emt 00:00:36]} Bc7 {[%clk 00:27:27]} {[%emt
00:00:17]} 58. Be8 {[%clk 01:23:14]} {[%emt 00:00:29]} h4 {[%clk 00:27:45]}
{[%emt 00:00:13]} 59. Bh5 {[%clk 01:23:33]} {[%emt 00:00:06]} Ke5 {[%clk
00:27:00]} {[%emt 00:01:18]} 60. a4 {[%clk 01:22:38]} {[%emt 00:02:12]} bxa3
{[%clk 00:27:07]} 61. Bf7 {[%clk 01:22:49]} {[%emt 00:00:25]} h3 {[%clk
00:26:37]} {[%emt 00:01:01]} 62. Ka4 {[%clk 01:22:29]} {[%emt 00:00:50]} h2
{[%clk 00:26:51]} {[%emt 00:00:16]} 63. Kxa3 {[%clk 01:22:26]} {[%emt
00:00:32]} h1=Q {[%clk 00:27:11]} {[%emt 00:00:11]} 64. Bb3 {[%clk 01:22:41]}
{[%emt 00:00:13]} Qa1+ {[%clk 00:26:30]} {[%emt 00:01:15]} 65. Ba2 {[%clk
01:23:02]} {[%emt 00:00:08]} Qc3+ {[%clk 00:26:36]} {[%emt 00:00:25]} 66. Bb3
{[%clk 01:23:20]} {[%emt 00:00:11]} Bd6+ {[%clk 00:26:59]} {[%emt 00:00:09]}
67. Ka2 {[%clk 01:23:42]} {[%emt 00:00:07]} Kd4 {[%clk 00:26:23]} {[%emt
00:01:06]} 68. Ba4 {[%clk 01:23:38]} {[%emt 00:00:33]} Ba3 {[%clk 00:26:33]}
{[%emt 00:00:21]} 69. Bb3 {[%clk 01:23:41]} {[%emt 00:00:26]} Qb2# {[%clk
00:26:19]} {[%emt 00:00:14]} 0-1

[Event "DVM U12w 2024"]
[Site "Bad Homburg GER"]
[Date "2024.12.30"]
[Round "7"]
[White "Elsayed Esam, Sally"]
[Black "Bykov, Sophia"]
[Result "1-0"]
[Termination "normal"]
[Board "5.3"]
[WhiteElo "1563"]
[BlackElo "1033"]
[WhiteClock "01:04:43"]
[BlackClock "00:21:08"]
[WhiteTeam "USV TU Dresden"]
[BlackTeam "Karlsruher SF 1853"]
[PlyCount "77"]
[WhiteFideId "34662170"]
[BlackFideId "34630104"]
[EventCountry "GER"]
[EventRounds "7"]
[EventType "team-swiss"]
[EventDate "2024.12.26"]

1. d4 {[%clk 01:30:57]} {[%emt 00:00:02]} d5 {[%clk 01:30:55]} {[%emt
00:00:05]} 2. Nf3 {[%clk 01:31:17]} {[%emt 00:00:11]} Nf6 {[%clk 01:31:04]}
{[%emt 00:00:22]} 3. g3 {[%clk 01:31:35]} {[%emt 00:00:12]} e6 {[%clk
01:31:20]} {[%emt 00:00:14]} 4. Bg2 {[%clk 01:31:59]} {[%emt 00:00:06]} Bd6
{[%clk 01:31:10]} {[%emt 00:00:37]} 5. O-O {[%clk 01:32:18]} {[%emt 00:00:13]}
O-O {[%clk 01:31:34]} {[%emt 00:00:06]} 6. b3 {[%clk 01:32:08]} {[%emt
00:00:40]} Bd7 {[%clk 01:30:57]} {[%emt 00:01:06]} 7. Bb2 {[%clk 01:31:43]}
{[%emt 00:00:56]} Bb5 {[%clk 01:30:27]} {[%emt 00:01:00]} 8. a3 {[%clk
01:29:01]} {[%emt 00:03:12]} c5 {[%clk 01:26:55]} {[%emt 00:04:02]} 9. Re1
{[%clk 01:28:07]} {[%emt 00:01:25]} Nc6 {[%clk 01:24:21]} {[%emt 00:03:01]} 10.
e3 {[%clk 01:27:22]} {[%emt 00:01:17]} Ne4 {[%clk 01:21:12]} {[%emt 00:03:39]}
11. Nbd2 {[%clk 01:24:29]} {[%emt 00:03:23]} Nxd2 {[%clk 01:18:40]} {[%emt
00:03:02]} 12. Qxd2 {[%clk 01:23:34]} {[%emt 00:01:25]} a5 {[%clk 01:14:54]}
{[%emt 00:04:15]} 13. dxc5 {[%clk 01:22:56]} {[%emt 00:01:08]} Bxc5 {[%emt
00:01:49]} 14. Qc3 {[%clk 01:22:28]} {[%emt 00:00:55]} Bd4 {[%clk 00:58:04]}
{[%emt 00:16:04]} 15. Nxd4 {[%clk 01:18:17]} {[%emt 00:04:41]} Nxd4 {[%clk
00:56:22]} {[%emt 00:02:11]} 16. Qxd4 {[%clk 01:18:26]} {[%emt 00:00:20]} f6
{[%clk 00:54:58]} {[%emt 00:01:54]} 17. Rad1 {[%clk 01:17:25]} {[%emt
00:01:30]} Qc7 {[%clk 00:48:57]} {[%emt 00:06:06]} 18. Rc1 {[%clk 01:15:54]}
{[%emt 00:02:27]} a4 {[%clk 00:46:44]} {[%emt 00:02:42]} 19. Bxd5 {[%emt
00:05:31]} Rfd8 {[%clk 00:43:21]} 20. Bxe6+ {[%clk 01:14:24]} {[%emt 00:00:53]}
Kf8 {[%clk 00:43:43]} {[%emt 00:00:08]} 21. Qb4+ {[%clk 01:14:20]} {[%emt
00:00:34]} Qd6 {[%clk 00:42:27]} {[%emt 00:01:45]} 22. Qxb5 {[%clk 01:13:49]}
{[%emt 00:01:01]} Qxe6 {[%clk 00:42:32]} {[%emt 00:00:26]} 23. Qxb7 {[%clk
01:13:50]} {[%emt 00:00:27]} Rdb8 {[%clk 00:40:24]} {[%emt 00:02:36]} 24. Qf3
{[%clk 01:11:17]} {[%emt 00:03:04]} axb3 {[%clk 00:38:19]} {[%emt 00:02:36]}
25. cxb3 {[%clk 01:09:33]} {[%emt 00:02:14]} Qxb3 {[%emt 00:01:21]} 26. Be5
{[%clk 01:08:36]} {[%emt 00:01:25]} Re8 {[%clk 00:37:10]} {[%emt 00:00:49]} 27.
Red1 {[%clk 01:05:30]} {[%emt 00:03:38]} Qa4 {[%clk 00:23:30]} {[%emt
00:14:09]} 28. Bxf6 {[%clk 01:00:32]} {[%emt 00:05:30]} gxf6 {[%clk 00:22:45]}
{[%emt 00:01:15]} 29. Qxf6+ {[%clk 01:00:51]} {[%emt 00:00:09]} Kg8 {[%clk
00:23:04]} {[%emt 00:00:14]} 30. Rd4 {[%clk 01:00:56]} {[%emt 00:00:24]} Ra6
{[%clk 00:20:29]} {[%emt 00:03:05]} 31. Qg5+ {[%clk 01:00:55]} {[%emt
00:00:31]} Rg6 {[%clk 00:20:06]} {[%emt 00:00:54]} 32. Qd5+ {[%clk 01:01:09]}
{[%emt 00:00:16]} Rge6 {[%clk 00:19:35]} {[%emt 00:01:01]} 33. Rxa4 {[%clk
01:01:25]} {[%emt 00:00:13]} R8e7 {[%clk 00:19:33]} {[%emt 00:01:42]} 34. Rc8+
{[%clk 01:03:31]} {[%emt 00:00:21]} Kg7 {[%clk 00:19:53]} {[%emt 00:00:12]} 35.
Rg4+ {[%clk 01:03:44]} {[%emt 00:00:16]} Kf6 {[%clk 00:20:18]} {[%emt
00:00:05]} 36. Rf8+ {[%clk 01:03:47]} {[%emt 00:00:26]} Rf7 {[%clk 00:20:35]}
{[%emt 00:00:13]} 37. Qd8+ {[%clk 01:04:09]} {[%emt 00:00:09]} Kf5 {[%clk
00:20:52]} {[%emt 00:00:13]} 38. Rf4+ {[%clk 01:04:25]} {[%emt 00:00:13]} Ke5
{[%clk 00:21:08]} {[%emt 00:00:14]} 39. R8xf7 {[%clk 01:04:43]} {[%emt
00:00:11]} 1-0

[Event "DVM U12w 2024"]
[Site "Bad Homburg GER"]
[Date "2024.12.30"]
[Round "7"]
[White "Wang, Lexin Selina"]
[Black "Scarlat-Timofte, Elena"]
[Result "1-0"]
[Termination "normal"]
[Board "5.4"]
[WhiteElo "920"]
[BlackElo "1024"]
[WhiteClock "00:46:39"]
[BlackClock "00:48:36"]
[WhiteTeam "Karlsruher SF 1853"]
[BlackTeam "USV TU Dresden"]
[PlyCount "115"]
[WhiteFideId "34694331"]
[BlackFideId "34693530"]
[EventCountry "GER"]
[EventRounds "7"]
[EventType "team-swiss"]
[EventDate "2024.12.26"]

1. e4 {[%clk 01:30:59]} e5 {[%clk 01:30:59]} 2. Nf3 {[%clk 01:31:21]} {[%emt
00:00:08]} Nc6 {[%clk 01:31:22]} {[%emt 00:00:08]} 3. Bc4 {[%clk 01:31:45]}
{[%emt 00:00:06]} Nf6 {[%clk 01:31:44]} {[%emt 00:00:07]} 4. Nc3 {[%clk
01:30:48]} {[%emt 00:01:28]} Nxe4 {[%clk 01:32:06]} {[%emt 00:00:08]} 5. Nxe4
{[%clk 01:30:36]} {[%emt 00:00:40]} d5 {[%clk 01:32:25]} {[%emt 00:00:11]} 6.
Bb5 {[%clk 01:28:12]} {[%emt 00:02:55]} dxe4 {[%clk 01:32:42]} {[%emt
00:00:12]} 7. Nxe5 {[%clk 01:28:35]} {[%emt 00:00:07]} Qd5 {[%clk 01:32:16]}
{[%emt 00:00:57]} 8. Nxc6 {[%emt 00:07:58]} Qxb5 {[%clk 01:31:05]} {[%emt
00:01:37]} 9. Nd4 {[%clk 01:21:27]} {[%emt 00:00:12]} Qg5 {[%clk 01:31:07]}
{[%emt 00:00:27]} 10. O-O {[%clk 01:20:30]} {[%emt 00:01:28]} Bh3 {[%clk
01:31:15]} {[%emt 00:00:23]} 11. g3 {[%clk 01:17:35]} {[%emt 00:03:25]} Bxf1
{[%clk 01:30:31]} {[%emt 00:01:13]} 12. Qxf1 {[%clk 01:17:38]} {[%emt
00:00:26]} O-O-O {[%clk 01:30:26]} {[%emt 00:00:37]} 13. Qc4 {[%clk 01:14:07]}
{[%emt 00:04:00]} Qf6 {[%clk 01:29:11]} {[%emt 00:01:44]} 14. Nb5 {[%clk
01:08:03]} {[%emt 00:06:37]} Qe5 {[%clk 01:28:28]} {[%emt 00:01:11]} 15. a4
{[%clk 01:05:11]} {[%emt 00:03:24]} Rd5 {[%clk 01:27:35]} {[%emt 00:01:22]} 16.
d3 {[%clk 01:03:32]} {[%emt 00:02:10]} Rc5 {[%clk 01:20:11]} {[%emt 00:07:54]}
17. Qxf7 {[%clk 00:59:15]} {[%emt 00:04:47]} Rxc2 {[%clk 01:18:58]} {[%emt
00:01:42]} 18. Nxa7+ {[%clk 00:58:09]} {[%emt 00:01:36]} Kb8 {[%clk 01:17:45]}
{[%emt 00:01:44]} 19. Nb5 {[%clk 00:58:12]} {[%emt 00:00:28]} exd3 {[%clk
01:17:24]} {[%emt 00:00:51]} 20. Bf4 {[%clk 00:58:11]} {[%emt 00:00:31]} Qe7
{[%clk 01:16:06]} {[%emt 00:01:46]} 21. Qb3 {[%clk 00:57:27]} {[%emt 00:01:15]}
Qe2 {[%clk 01:09:15]} {[%emt 00:07:20]} 22. Bxc7+ {[%clk 00:54:18]} {[%emt
00:03:40]} Rxc7 {[%clk 01:08:52]} {[%emt 00:00:53]} 23. Nxc7 {[%clk 00:54:40]}
{[%emt 00:00:09]} Kxc7 {[%clk 01:09:16]} {[%emt 00:00:05]} 24. Rc1+ {[%clk
00:54:46]} {[%emt 00:00:24]} Kd8 {[%clk 01:08:58]} {[%emt 00:00:48]} 25. Qd5+
{[%clk 00:54:51]} {[%emt 00:00:24]} Ke8 {[%clk 01:06:21]} {[%emt 00:03:06]} 26.
Rc8+ {[%clk 00:55:07]} {[%emt 00:00:14]} Ke7 {[%clk 01:06:24]} {[%emt
00:00:27]} 27. Qxb7+ {[%clk 00:54:05]} {[%emt 00:01:32]} Kf6 {[%clk 01:06:11]}
{[%emt 00:00:42]} 28. Qd5 {[%clk 00:53:33]} {[%emt 00:01:04]} Qe6 {[%clk
01:05:20]} {[%emt 00:01:20]} 29. Qd4+ {[%clk 00:51:58]} {[%emt 00:02:06]} Kf7
{[%clk 01:04:17]} {[%emt 00:01:32]} 30. Rc7+ {[%clk 00:50:42]} {[%emt
00:01:47]} Be7 {[%clk 01:04:31]} {[%emt 00:00:15]} 31. Qxd3 {[%clk 00:48:46]}
{[%emt 00:02:25]} Rd8 {[%clk 01:04:22]} {[%emt 00:00:40]} 32. Qxd8 {[%clk
00:48:25]} {[%emt 00:00:51]} Qe1+ {[%clk 01:04:28]} {[%emt 00:00:24]} 33. Kg2
{[%clk 00:48:09]} {[%emt 00:00:46]} Qe4+ {[%clk 01:04:50]} {[%emt 00:00:08]}
34. f3 {[%clk 00:48:05]} {[%emt 00:00:35]} Qe2+ {[%clk 01:05:15]} {[%emt
00:00:05]} 35. Kh3 {[%clk 00:47:43]} {[%emt 00:00:51]} Qf1+ {[%clk 01:05:04]}
{[%emt 00:00:41]} 36. Kg4 {[%clk 00:47:42]} {[%emt 00:00:27]} h5+ {[%clk
01:04:31]} {[%emt 00:01:07]} 37. Kf4 {[%clk 00:47:18]} {[%emt 00:00:53]} Qe1
{[%clk 01:03:19]} {[%emt 00:01:41]} 38. Qd5+ {[%clk 00:46:05]} {[%emt
00:01:44]} Qe6 {[%clk 01:02:31]} {[%emt 00:01:18]} 39. Qxe6+ {[%clk 00:45:41]}
{[%emt 00:00:54]} Kxe6 {[%clk 01:02:20]} {[%emt 00:00:42]} 40. a5 {[%clk
00:45:45]} {[%emt 00:00:27]} Bd6+ {[%clk 01:02:41]} {[%emt 00:00:08]} 41. Ke4
{[%clk 00:45:51]} {[%emt 00:01:36]} Bxc7 {[%clk 01:04:59]} {[%emt 00:00:08]}
42. b4 {[%clk 00:46:04]} {[%emt 00:00:18]} Bd6 {[%clk 01:05:16]} {[%emt
00:00:14]} 43. b5 {[%clk 00:45:53]} {[%emt 00:00:41]} Kd7 {[%clk 01:04:58]}
{[%emt 00:00:46]} 44. Kd5 {[%clk 00:45:52]} {[%emt 00:00:31]} Bc7 {[%clk
00:54:41]} {[%emt 00:10:47]} 45. b6 {[%clk 00:46:08]} {[%emt 00:00:15]} Bxb6
{[%clk 00:47:19]} {[%emt 00:07:53]} 46. axb6 {[%clk 00:46:29]} {[%emt
00:00:08]} Kc8 {[%clk 00:47:46]} {[%emt 00:00:03]} 47. Kc6 {[%clk 00:46:45]}
{[%emt 00:00:15]} Kb8 {[%clk 00:48:13]} {[%emt 00:00:03]} 48. h3 {[%clk
00:45:42]} {[%emt 00:01:33]} Kc8 {[%clk 00:47:40]} {[%emt 00:01:03]} 49. g4
{[%clk 00:45:44]} {[%emt 00:00:28]} h4 {[%clk 00:47:59]} {[%emt 00:00:13]} 50.
f4 {[%clk 00:46:01]} {[%emt 00:00:11]} Kd8 {[%clk 00:46:50]} {[%emt 00:01:39]}
51. b7 {[%clk 00:46:22]} {[%emt 00:00:10]} Ke7 {[%clk 00:47:18]} {[%emt
00:00:01]} 52. b8=Q {[%clk 00:46:29]} {[%emt 00:00:12]} Kf6 {[%clk 00:47:27]}
{[%emt 00:00:30]} 53. g5 {[%clk 00:46:43]} {[%emt 00:00:17]} Kg6 {[%clk
00:47:39]} {[%emt 00:00:18]} 54. Qd6 {[%clk 00:46:00]} {[%emt 00:01:13]} Kh5
{[%clk 00:47:44]} {[%emt 00:00:26]} 55. Qd1+ {[%clk 00:46:03]} {[%emt
00:00:26]} Kg6 {[%clk 00:48:02]} {[%emt 00:00:12]} 56. Qe1 {[%clk 00:46:07]}
{[%emt 00:00:26]} Kh5 {[%clk 00:48:19]} {[%emt 00:00:14]} 57. Qe8+ {[%clk
00:46:22]} {[%emt 00:00:16]} g6 {[%clk 00:48:36]} {[%emt 00:00:11]} 58. Qh8+
{[%clk 00:46:39]} {[%emt 00:00:12]} 1-0

[Event "DVM U12w 2024"]
[Site "Bad Homburg GER"]
[Date "2024.12.30"]
[Round "7"]
[White "Busch, Lara Sophie"]
[Black "Nönnig, Lotte"]
[Result "0-1"]
[Termination "normal"]
[Board "6.1"]
[WhiteElo "1626"]
[BlackElo "1635"]
[WhiteClock "00:01:23"]
[BlackClock "00:06:55"]
[WhiteTeam "SchVgg Blankenese 1923"]
[BlackTeam "Schachzwerge Magdeburg"]
[PlyCount "74"]
[WhiteFideId "34664866"]
[BlackFideId "34611509"]
[EventCountry "GER"]
[EventRounds "7"]
[EventType "team-swiss"]
[EventDate "2024.12.26"]

1. e4 {[%clk 01:30:57]} {[%emt 00:00:02]} e5 {[%clk 01:30:52]} {[%emt
00:00:08]} 2. Nf3 {[%clk 01:31:21]} {[%emt 00:00:07]} Nc6 {[%clk 01:31:07]}
{[%emt 00:00:14]} 3. Bc4 {[%clk 01:31:36]} {[%emt 00:00:15]} Bc5 {[%clk
01:31:23]} {[%emt 00:00:15]} 4. d3 {[%clk 01:31:40]} {[%emt 00:00:26]} Nf6
{[%clk 01:31:32]} {[%emt 00:00:21]} 5. c3 {[%clk 01:31:45]} {[%emt 00:00:24]}
d6 {[%clk 01:31:39]} {[%emt 00:00:24]} 6. O-O {[%clk 01:31:30]} {[%emt
00:00:46]} O-O {[%clk 01:31:15]} {[%emt 00:00:54]} 7. Nbd2 {[%clk 01:30:53]}
{[%emt 00:01:06]} a6 {[%clk 01:31:06]} {[%emt 00:00:38]} 8. Bb3 {[%clk
01:31:10]} {[%emt 00:00:14]} Ba7 {[%clk 01:30:32]} {[%emt 00:01:04]} 9. h3
{[%clk 01:30:50]} {[%emt 00:00:51]} h6 {[%clk 01:29:41]} {[%emt 00:01:21]} 10.
Re1 {[%clk 01:30:28]} {[%emt 00:00:51]} Nh5 {[%clk 01:28:12]} {[%emt 00:02:00]}
11. Nf1 {[%clk 01:28:49]} {[%emt 00:02:10]} Qf6 {[%clk 01:27:06]} {[%emt
00:01:36]} 12. Be3 {[%clk 01:24:56]} {[%emt 00:04:23]} Nf4 {[%clk 01:23:25]}
{[%emt 00:04:10]} 13. Ng3 {[%clk 01:18:42]} {[%emt 00:06:43]} h5 {[%clk
01:19:49]} {[%emt 00:04:07]} 14. Bxf4 {[%clk 01:01:59]} {[%emt 00:17:14]} exf4
{[%clk 01:19:10]} {[%emt 00:01:09]} 15. Nxh5 {[%clk 01:00:09]} {[%emt
00:02:20]} Qh6 {[%clk 01:10:58]} {[%emt 00:08:41]} 16. Nh2 {[%clk 00:58:46]}
{[%emt 00:01:53]} f3 {[%clk 01:04:47]} {[%emt 00:06:42]} 17. Qxf3 {[%clk
00:50:52]} {[%emt 00:08:24]} Ne5 {[%clk 01:01:46]} {[%emt 00:03:30]} 18. Qe2
{[%clk 00:48:57]} {[%emt 00:02:22]} Qg5 {[%clk 00:51:42]} {[%emt 00:10:36]} 19.
Kf1 {[%clk 00:40:41]} {[%emt 00:08:48]} Qh4 {[%clk 00:40:18]} {[%emt 00:11:56]}
20. d4 {[%clk 00:36:47]} {[%emt 00:04:22]} Ng6 {[%clk 00:36:06]} {[%emt
00:04:42]} 21. Ng4 {[%clk 00:34:38]} {[%emt 00:02:40]} c5 {[%clk 00:31:24]}
{[%emt 00:05:10]} 22. Rad1 {[%clk 00:33:24]} {[%emt 00:01:44]} Bd7 {[%clk
00:27:24]} {[%emt 00:04:31]} 23. Qf3 {[%clk 00:27:58]} {[%emt 00:05:35]} b5
{[%clk 00:22:54]} {[%emt 00:05:21]} 24. Bd5 {[%clk 00:22:33]} {[%emt 00:05:53]}
Rae8 {[%clk 00:22:00]} {[%emt 00:01:24]} 25. Ne3 {[%clk 00:14:05]} {[%emt
00:08:52]} Ne7 {[%clk 00:16:35]} {[%emt 00:06:03]} 26. Nf5 {[%clk 00:10:39]}
{[%emt 00:03:56]} Bxf5 {[%clk 00:16:27]} {[%emt 00:00:39]} 27. exf5 {[%clk
00:08:32]} {[%emt 00:02:37]} Nxd5 {[%clk 00:16:07]} {[%emt 00:00:50]} 28. Qxd5
{[%clk 00:08:20]} {[%emt 00:00:41]} Qxh5 {[%clk 00:15:52]} {[%emt 00:00:45]}
29. dxc5 {[%clk 00:06:42]} {[%emt 00:02:07]} Bxc5 {[%clk 00:14:32]} {[%emt
00:01:49]} 30. b4 {[%clk 00:06:39]} {[%emt 00:00:34]} Ba7 {[%clk 00:14:29]}
{[%emt 00:00:32]} 31. Qb7 {[%clk 00:05:58]} {[%emt 00:01:12]} Ra8 {[%clk
00:13:40]} {[%emt 00:01:19]} 32. Rd5 {[%clk 00:04:31]} {[%emt 00:01:53]} Qh4
{[%clk 00:12:28]} {[%emt 00:01:46]} 33. Re2 {[%clk 00:04:06]} {[%emt 00:00:55]}
Qc4 {[%clk 00:11:33]} {[%emt 00:01:24]} 34. Rxd6 {[%clk 00:03:25]} {[%emt
00:01:11]} Qxc3 {[%clk 00:10:42]} {[%emt 00:01:21]} 35. Rxa6 {[%clk 00:02:56]}
{[%emt 00:01:00]} Rad8 {[%clk 00:09:13]} {[%emt 00:01:59]} 36. g3 {[%clk
00:02:39]} {[%emt 00:00:48]} Bd4 {[%clk 00:07:33]} {[%emt 00:02:09]} 37. Qxb5
{[%clk 00:01:23]} {[%emt 00:01:47]} Rb8 {[%clk 00:06:55]} {[%emt 00:01:07]} *